George S. Kaufman /

Bibliographic Details
Main Author: Pollack, Rhoda-Gale
Format: Book
Language:English
Published: Boston : Twayne Publishers, [1988]
Series:Twayne's United States authors series ; TUSAS 525.
Subjects:

MARC

Tag First Indicator Second Indicator Subfields
LEADER 00000cam a22000008a 4500
001 in00000012467
005 20151007051832.0
008 870618s1988 mau b 00110 eng
010 |a  87017739  
020 |a 0805775080 
035 |a (OCoLC)16129883 
035 |9 AAA5031AM 
040 |a DLC  |c DLC  |d TXA  |d UtOrBLW 
049 |a TXAM  |c [A12605392] 
050 0 0 |a PS3521.A727  |b Z86 1988 
082 0 |a 812/.52  |2 19 
100 1 |a Pollack, Rhoda-Gale. 
245 1 0 |a George S. Kaufman /  |c by Rhoda-Gale Pollack. 
263 |a 8801 
264 1 |a Boston :  |b Twayne Publishers,  |c [1988] 
264 4 |c ©1988 
300 |a 144 pages 
336 |a text  |b txt  |2 rdacontent 
337 |a unmediated  |b n  |2 rdamedia 
338 |a volume  |b nc  |2 rdacarrier 
490 1 |a Twayne's United States authors series ;  |v TUSAS 525 
504 |a Bibliography: pages 132-138. 
500 |a Includes index. 
600 1 0 |a Kaufman, George S.  |q (George Simon),  |d 1889-1961  |x Criticism and interpretation. 
830 0 |a Twayne's United States authors series ;  |v TUSAS 525. 
999 |a MARS 
999 f f |s cd661790-5ac3-3a3f-bc8e-5bb635e472f4  |i cf2b7a8b-6798-3761-b962-11fb6e4e0c40  |t 0 
952 f f |p ric  |a Texas A&M University  |b Rellis Campus  |c Joint Library Facility  |d Remote Storage  |t 0  |e PS3521.A727 Z86 1988  |h Library of Congress classification  |i unmediated -- volume  |m A14812605392 
998 f f |a PS3521.A727 Z86 1988  |t 0  |l Remote Storage